00572nam a2200169Ia 450000500170000000800410001702000240005804000190008204100120010108200170011324501300013026000360026030000170029665000520031370000260036585000110039120240104115644.0131103s9999 xx 000 0 und d a8172233124cRs. 250 aLoreto College aEnglish a891.45b6HAR 4aThe Harper Collins Book of Oriya Short Stories,cTranslated & Edited by K. K. Mohapatra, Leela Mohapatra and Sudhansu Mohanty aNew DelhibHarper Collinsc1998 axiii,309 p.  aShort Stories, Oriya - Translation into English aMohapatra, K. K., ed. aLCLIB